[Event "Collado Villalba op 40th"]
[Site "Collado Villalba"]
[Date "2023.08.22"]
[Round "1"]
[White "Alvarez Poves, Jesus"]
[Black "Rodriguez Rodriguez, Miguel"]
[Result "1-0"]
[WhiteElo "1782"]
[BlackElo "2064"]
[PlyCount "70"]
[EventDate "2023.08.22"]
[EventType "swiss"]
[EventRounds "9"]
[EventCountry "ESP"]
[SourceTitle "CBM 216 Extra"]
[Source "ChessBase"]
[SourceDate "2023.11.30"]
[SourceVersion "1"]
[SourceVersionDate "2023.11.30"]
[SourceQuality "1"]

1. d4 c5 2. d5 d6 3. e4 e5 4. Nc3 Be7 5. h3 Bg5 6. Bxg5 Qxg5 7. Nf3 Qd8 8. g3 Nf6 9. Nd2 a6 10. a4 Nbd7 11. Bg2 Nf8 12. a5 h5 13. Nc4 Ng6 14. h4 Bg4 15. f3 Bc8 16. Ra3 0-0 17. Rb3 Ne8 18. Na4 Bd7 19. Nab6 Bb5 20. Na3 Ra7 21. Bh3 Nc7 22. c4 Be8 23. Nc2 Ne7 24. Ne3 Na8 25. Qd2 Nxb6 26. Rxb6 Qc7 27. g4 Nc8 28. gxh5 Nxb6 29. Rg1 Nc8 30. Rxg7+ Kh8 31. Nf5 Qxa5 32. Qxa5 Ne7 33. Qd8 Nxf5 34. Bxf5 f6 35. Qe7 Rf7 1-0

[Event "Cantabria-ch"]
[Site "Cantabria"]
[Date "2009.05.23"]
[Round "2.1"]
[White "Fernandez Fernandez, Juan Carlos"]
[Black "Rodriguez Rodriguez, Miguel"]
[Result "1-0"]
[WhiteElo "2083"]
[BlackElo "1958"]
[PlyCount "61"]
[EventDate "2009.05.17"]
[EventType "swiss"]
[EventRounds "8"]
[EventCountry "ESP"]
[SourceTitle "EXT 2024"]
[Source "ChessBase"]
[SourceDate "2023.10.10"]
[SourceVersion "1"]
[SourceVersionDate "2023.10.10"]
[SourceQuality "1"]

1. d4 Nf6 2. c4 e6 3. Nf3 c5 4. d5 d6 5. Nc3 exd5 6. cxd5 g6 7. h3 Bg7 8. e4 0-0 9. Bd3 Na6 10. 0-0 Nc7 11. Bg5 h6 12. Bh4 Re8 13. Re1 a6 14. a4 b6 15. Qb3 g5 16. Bg3 Nh5 17. Bh2 g4 18. hxg4 Bxg4 19. Be2 Bxc3 20. bxc3 Rxe4 21. Bd3 Rxe1+ 22. Nxe1 Ne8 23. Nc2 Nhg7 24. Ne3 Bh5 25. Rb1 Qf6 26. Qxb6 Qxc3 27. Bxa6 Bg6 28. Rd1 Bc2 29. Rc1 Qb3 30. Qc6 Qb2 31. Rxc2 1-0

[Event "Cantabria-ch"]
[Site "Cantabria"]
[Date "2009.03.14"]
[Round "1"]
[White "Rodriguez Rodriguez, Miguel"]
[Black "Abascal Lozano, Ivan"]
[Result "1/2-1/2"]
[WhiteElo "1958"]
[BlackElo "1696"]
[PlyCount "116"]
[EventDate "2009.03.14"]
[EventType "swiss"]
[EventRounds "7"]
[EventCountry "ESP"]
[SourceTitle "EXT 2024"]
[Source "ChessBase"]
[SourceDate "2023.10.10"]
[SourceVersion "1"]
[SourceVersionDate "2023.10.10"]
[SourceQuality "1"]

1. c4 e5 2. Nc3 Nf6 3. g3 d5 4. cxd5 Nxd5 5. Bg2 c6 6. d3 Bb4 7. Bd2 0-0 8. Nf3 Re8 9. 0-0 Bd6 10. Qb3 Nxc3 11. Bxc3 Qc7 12. Ng5 Qe7 13. Ne4 Bc7 14. Bb4 Qe6 15. Qc2 f5 16. Nc5 Qf7 17. a4 Bd6 18. Ba3 Nd7 19. Nxd7 Qxd7 20. b4 Qe7 21. Rfc1 Be6 22. Bb2 Bf7 23. b5 cxb5 24. axb5 Qd7 25. Qa4 a6 26. bxa6 Qxa4 27. Rxa4 Rxa6 28. Rxa6 bxa6 29. Ra1 Rb8 30. Rxa6 Rxb2 31. Rxd6 Bh5 32. Bf3 Bxf3 33. exf3 Kf7 34. d4 exd4 35. Rxd4 g5 36. h3 h5 37. Rd6 Kg7 38. Rd4 Kf6 39. h4 g4 40. Kg2 Rb3 41. Rf4 Kg6 42. fxg4 fxg4 43. Rf8 Rb7 44. Rd8 Rf7 45. Rg8+ Rg7 46. Rxg7+ Kxg7 47. Kf1 Kf7 48. Ke2 Ke6 49. Kd3 Kd5 50. Ke3 Ke5 51. Ke2 Ke6 52. f4 gxf3+ 53. Kxf3 Kf5 54. Kf2 Kf6 55. Ke3 Ke5 56. Kd3 Kf5 57. Ke2 Ke6 58. Kf2 Kf6 1/2-1/2